000 00572nam a2200181 4500
001 107196
003 ES-MaACL
005 20250702063053.0
007 t|
008 061121s1972 sp r ||||1| spa d
100 1 _aMorales Padrón, Francisco,
_d1924-2010
_983066
245 1 0 _aHistoria de Hispanoamérica /
_cFrancisco Morales Padrón.
260 _aSevilla :
_bEd. Católica Española,
_c1972.
300 _a417 p., 17 lám., 1 map. ;
_c25.
710 2 _aUniversidad de Sevilla.
_97301
852 _aES-MaACL
_jC-48735
_bR.84715
999 _c107196
_d107196